| 000 | 00749nam a2200205 a 4500 | ||
|---|---|---|---|
| 001 | 000871670 | ||
| 003 | AM-YEHGA | ||
| 005 | 20250617160349.0 | ||
| 008 | 120302s1948 ru r 000 0 rus d | ||
| 040 | _aAM-YeHGA | ||
| 041 | 0 | _arus | |
| 245 | 0 | 0 |
_aАгротехника плодово-ягодных культур / _cПод ред. Ф.А. Емельянова, П.А. Храмова. |
| 260 |
_aСаратов : _bОГИЗ : _bСаратовское обл. изд-во, _c1948. |
||
| 300 |
_a320 с. : _bтабл., рис. ; _c20 см. |
||
| 650 | 1 | 4 | _aПлодоводство |
| 650 | 1 | 4 | _aЯгодоводство |
| 700 | 1 |
_aЕмельянов, Ф.А, _eред. _4edt |
|
| 700 | 1 |
_aХрамов, П.А. _eред. _4edt |
|
| 090 | _c454735 | ||
| 999 |
_c451792 _d451792 |
||